Loading...
Science - Biology | 0 | 6 | 2 | 2 | 50 | 86 | 117.83 | 0 | 2 |
Literature - American Literature | 1 | 1 | 0 | 0 | 25 | 82 | 103.00 | 0 | 1 |
Beliefs | 0 | 2 | 0 | 1 | 20 | 144 | 151.50 | 0 | 1 |
Science - Physics | 0 | 1 | 0 | 0 | 10 | 115 | 115.00 | 0 | 0 |
History - US History | 0 | 1 | 0 | 1 | 10 | 135 | 135.00 | 0 | 0 |
Fine Arts - Visual Fine Arts | 0 | 1 | 0 | 1 | 10 | 146 | 146.00 | 0 | 0 |
Fine Arts - Classical Music and Opera | 0 | 1 | 0 | 0 | 10 | 109 | 109.00 | 0 | 0 |
Science - Other Science | 0 | 1 | 1 | 0 | 5 | 141 | 141.00 | 1 | 1 |
Literature - European Literature | 0 | 1 | 1 | 0 | 5 | 158 | 158.00 | 0 | 0 |
Science - Chemistry | 0 | 1 | 2 | 0 | 0 | 131 | 131.00 | 0 | 0 |
History - European History | 0 | 0 | 1 | 0 | -5 | 0.00 | 0 | 0 |